[Event "Skákmót öðlinga 2016"]
[Site "Faxafen 12, Reykjavik"]
[Date "2016.03.30"]
[Round "1.1"]
[White "Sigfusson, Sigurdur"]
[Black "Gardarsson, Halldor"]
[Result "1-0"]
[WhiteElo "2299"]
[BlackElo "1788"]
[PlyCount "33"]
[EventDate "2016.03.30"]

1. e4 e5 2. Nf3 Nc6 3. Bb5 Nf6 4. O-O d6 5. d4 exd4 6. e5 dxe5 7. Nxe5 Bd7 8.
Re1 Nxe5 9. Rxe5+ Be7 10. Qe2 Kf8 11. b3 a6 12. Bd3 Bd6 13. Ba3 Be6 14. f4 Ng4
15. Rxe6 Bxa3 16. Nxa3 fxe6 17. Qxg4 1-0

[Event "Skákmót öðlinga 2016"]
[Site "Faxafen 12, Reykjavik"]
[Date "2016.03.30"]
[Round "1.2"]
[White "Haraldsson, Sigurjon"]
[Black "Olafsson, Thorvardur"]
[Result "0-1"]
[WhiteElo "1782"]
[BlackElo "2195"]
[PlyCount "101"]
[EventDate "2016.03.30"]

1. e4 e5 2. Nf3 Nc6 3. Bc4 Bc5 4. O-O Nf6 5. d3 d6 6. c3 a6 7. Be3 Bxe3 8. fxe3
Na5 9. Nbd2 Nxc4 10. Nxc4 b5 11. Ncd2 c5 12. a4 Rb8 13. axb5 axb5 14. Qc2 O-O
15. Rae1 Qe7 16. h3 h6 17. Rf2 Nh7 18. Nf1 f5 19. exf5 Bxf5 20. e4 Be6 21. Ne3
Ng5 22. Nxg5 Qxg5 23. Kh2 Rf4 24. Qd2 Rbf8 25. Ref1 Qh4 26. Rxf4 Rxf4 27. Rxf4
exf4 28. Nf5 Bxf5 29. exf5 Qg5 30. Qe1 Qxf5 31. Qe8+ Kh7 32. Qxb5 Qe5 33. Kg1
Qe1+ 34. Kh2 Qg3+ 35. Kh1 f3 36. gxf3 Qxh3+ 37. Kg1 Qg3+ 38. Kf1 Qxf3+ 39. Ke1
Qg3+ 40. Kd1 Qg4+ 41. Kc1 h5 42. Qc6 h4 43. Qxd6 h3 44. Qh2 Qg2 45. Qe5 Kh6 46.
Qd6+ Qg6 47. Qh2 Qxd3 48. Qf2 Kh5 49. Qf7+ g6 50. Qf8 Qf5 51. Qd8 0-1

[Event "Skákmót öðlinga 2016"]
[Site "Faxafen 12, Reykjavik"]
[Date "2016.03.30"]
[Round "1.3"]
[White "Maack, Kjartan"]
[Black "Ontiveros, John"]
[Result "1/2-1/2"]
[WhiteElo "2110"]
[BlackElo "1729"]
[PlyCount "111"]
[EventDate "2016.03.30"]

1. c4 e5 2. g3 Nf6 3. Bg2 Be7 4. Nc3 d6 5. Nf3 Nc6 6. d4 exd4 7. Nxd4 Nxd4 8.
Qxd4 c6 9. O-O O-O 10. e4 Ng4 11. Bf4 Qb6 12. Qd2 Ne5 13. b3 f5 14. Rac1 Bf6
15. Be3 Qc7 16. Rfd1 Ng4 17. Bd4 Bxd4 18. Qxd4 f4 19. Qxd6 Qxd6 20. Rxd6 fxg3
21. fxg3 Nf2 22. Rd2 Nh3+ 23. Bxh3 Bxh3 24. Rf2 Rad8 25. Rcc2 Rd3 26. Rxf8+
Kxf8 27. Kf2 Bg4 28. Kg2 Ke7 29. h3 Bh5 30. Kf2 Bg6 31. Na4 Rd4 32. Nc3 Ke6 33.
Ne2 Rxe4 34. Rd2 Ke7 35. Nc3 Re6 36. Na4 b6 37. Nc3 Rd6 38. Re2+ Re6 39. Rb2
Rf6+ 40. Kg2 Re6 41. Nd1 Re1 42. Rd2 Bb1 43. Nc3 Bg6 44. Kf2 Re6 45. Ne2 Rd6
46. Rb2 h6 47. Nf4 Bf7 48. Ke3 g5 49. Nd3 Bg6 50. Nf2 Re6+ 51. Kf3 Bh5+ 52. g4
Bg6 53. Rd2 Rf6+ 54. Kg3 Re6 55. Kf3 Re1 56. Rb2 1/2-1/2

[Event "Skákmót öðlinga 2016"]
[Site "Faxafen 12, Reykjavik"]
[Date "2016.03.30"]
[Round "1.4"]
[White "Bjarnason, Larus H"]
[Black "Valdimarsson, Einar"]
[Result "0-1"]
[WhiteElo "1650"]
[BlackElo "2029"]
[PlyCount "60"]
[EventDate "2016.03.30"]

1. e4 e6 2. f4 d5 3. e5 c5 4. Nf3 Nc6 5. d3 Qb6 6. Be2 Nh6 7. Nc3 Be7 8. b3 O-O
9. Na4 Qc7 10. Be3 Ng4 11. Bg1 f6 12. h3 Nh6 13. Bh2 fxe5 14. fxe5 Nf5 15. Qd2
b5 16. Nb2 c4 17. d4 c3 18. Qc1 cxb2 19. Qxb2 Qa5+ 20. c3 b4 21. c4 dxc4 22.
Bxc4 Ne3 23. Bd3 Ba6 24. Be4 Rac8 25. Qd2 Nd5 26. h4 Nc3 27. Bc2 Qd5 28. Ng5
Bxg5 29. hxg5 g6 30. Bg1 Rf1# 0-1

[Event "Skákmót öðlinga"]
[Site "Faxafen 12, Reykjavik"]
[Date "2016.03.30"]
[Round "1.5"]
[White "Arnalds, Stefan"]
[Black "Nikulasson, Gunnar"]
[Result "1-0"]
[WhiteElo "2007"]
[BlackElo "1607"]
[PlyCount "90"]
[EventDate "2016.03.30"]

1. d4 d5 2. c4 c6 3. Nc3 Nf6 4. Bg5 g6 5. Bxf6 exf6 6. cxd5 cxd5 7. Qb3 Nc6 8.
e3 Bb4 9. Bd3 O-O 10. Nge2 Be6 11. O-O a6 12. Rac1 Bxc3 13. Rxc3 Na5 14. Qc2 b5
15. b3 Rc8 16. Rc1 Nb7 17. Nf4 Rxc3 18. Qxc3 Bc8 19. h4 g5 20. Nh5 Nd6 21. Qc7
f5 22. Qxd8 Rxd8 23. hxg5 Ne4 24. f4 h6 25. gxh6 Kh7 26. Rc6 Nd6 27. Ng3 f6 28.
Kf2 Kxh6 29. Ke2 Kg6 30. a4 Ne4 31. Bxe4 fxe4 32. axb5 Bd7 33. Rc5 Bxb5+ 34.
Kf2 Bd3 35. Ne2 Bxe2 36. Kxe2 Rd6 37. Kf2 f5 38. Kg3 Kh5 39. Kh3 Kg6 40. Kh4
Kh6 41. b4 Kg6 42. g4 fxg4 43. Kxg4 Kf7 44. Kf5 Rh6 45. Rxd5 Rh5+ 1-0

[Event "Skákmót öðlinga 2016"]
[Site "Faxafen 12, Reykjavik"]
[Date "2016.03.30"]
[Round "1.6"]
[White "Hreinsson, Arnthor"]
[Black "Sigurjonsson, Siguringi"]
[Result "0-1"]
[WhiteElo "1542"]
[BlackElo "1971"]
[PlyCount "59"]
[EventDate "2016.03.30"]

1. e4 d6 2. d4 Nf6 3. Nd2 g6 4. f4 Bg7 5. Ngf3 O-O 6. Bc4 d5 7. exd5 Nxd5 8.
O-O Ne3 9. Qe2 Nxf1 10. Nxf1 Bg4 11. c3 c6 12. a4 Nd7 13. Ne3 Bxf3 14. Qxf3 Nb6
15. Bb3 e6 16. a5 Nd5 17. a6 b5 18. Ng4 Qc7 19. f5 exf5 20. Nh6+ Bxh6 21. Bxh6
Rfd8 22. Re1 Qd6 23. h4 Re8 24. Rf1 Re4 25. g3 Rae8 26. Bxd5 cxd5 27. Bf4 Qxa6
28. Kg2 b4 29. Be5 f6 30. Bxf6 0-1

[Event "Skákmót öðlinga 2016"]
[Site "Faxafen 12, Reykjavik"]
[Date "2016.03.30"]
[Round "1.7"]
[White "Valtysson, Thor"]
[Black "Jonasson, Hordur"]
[Result "0-1"]
[WhiteElo "1946"]
[BlackElo "1536"]
[PlyCount "76"]
[EventDate "2016.03.30"]

1. d4 Nf6 2. Nf3 g6 3. Bf4 Bg7 4. e3 d6 5. h3 O-O 6. Be2 c5 7. c3 b6 8. O-O Bb7
9. Nbd2 Ne4 10. a4 Nxd2 11. Qxd2 Ba6 12. Rfd1 Bxe2 13. Qxe2 Nd7 14. Rd2 Qc7 15.
a5 bxa5 16. Qb5 Rfb8 17. Qa4 Rb7 18. Qa2 h6 19. Bg3 Nf6 20. Re2 Ne4 21. Bh2
Rab8 22. Nh4 c4 23. f3 Nf6 24. e4 e5 25. dxe5 dxe5 26. Qxa5 Qxa5 27. Rxa5 Rxb2
28. Bxe5 Rxe2 29. Bxb8 Nd7 30. Bxa7 Bxc3 31. Rd5 Nf6 32. Rd8+ Kg7 33. Bd4 Bxd4+
34. Rxd4 c3 35. Rc4 c2 36. Kh2 Nh5 37. f4 Nxf4 38. Kg3 Nd3 0-1

[Event "Skákmót öðlinga 2016"]
[Site "Faxafen 12, Reykjavik"]
[Date "2016.03.30"]
[Round "1.8"]
[White "Geirsson, Kristjan"]
[Black "Jonsson, Olafur Gisli"]
[Result "1-0"]
[WhiteElo "1492"]
[BlackElo "1904"]
[PlyCount "59"]
[EventDate "2016.03.30"]

1. e4 d6 2. d4 Nf6 3. Bd3 c6 4. Bf4 Nbd7 5. Nf3 Qa5+ 6. Qd2 Qxd2+ 7. Nbxd2 g6
8. O-O Bg7 9. h3 O-O 10. Rfe1 c5 11. c3 a6 12. a4 Nh5 13. Bg5 f6 14. Bc4+ Kh8
15. Be3 e5 16. g4 cxd4 17. cxd4 Nf4 18. Bxf4 exf4 19. Rac1 Nb6 20. a5 Nxc4 21.
Nxc4 Rd8 22. Nb6 Rb8 23. Rc7 h5 24. Rec1 hxg4 25. Nh4 g5 26. Ng6+ Kh7 27. Ne7
Be6 28. d5 Bxd5 29. Nbxd5 gxh3 30. Nf5 1-0

[Event "Skákmót öðlinga 2016"]
[Site "Faxafen 12, Reykjavik"]
[Date "2016.03.30"]
[Round "1.9"]
[White "Kristjansson, Arni H"]
[Black "Bragason, Arnfinnur"]
[Result "1-0"]
[WhiteElo "1894"]
[BlackElo "1467"]
[PlyCount "69"]
[EventDate "2016.03.30"]

1. e4 c5 2. d4 cxd4 3. c3 e6 4. cxd4 d5 5. e5 Nc6 6. Nf3 h6 7. Nc3 a6 8. a3 g6
9. Bd3 Bg7 10. Be3 Nge7 11. g4 Bd7 12. b4 b5 13. Nd2 Qc7 14. Rc1 Qb6 15. Nb3
Na7 16. O-O f5 17. exf6 Bxf6 18. Qc2 Kf7 19. Nc5 Qd6 20. f4 Bh4 21. f5 exf5 22.
Bf4 Qc6 23. gxf5 Bxf5 24. Be5 Bf6 25. Bxf5 gxf5 26. Rxf5 Rhg8+ 27. Kh1 Nxf5 28.
Qxf5 Rg6 29. Nd7 Qe6 30. Rf1 Nc6 31. Qxe6+ Kxe6 32. Nxf6 Nxe5 33. dxe5 Kxe5 34.
Nfxd5 Rc8 35. Ne7 1-0

[Event "Skákmót öðlinga 2016"]
[Site "Faxafen 12, Reykjavik"]
[Date "2016.03.30"]
[Round "1.10"]
[White "Sigurvaldason, Hjalmar"]
[Black "Eliasson, Kristjan Orn"]
[Result "0-1"]
[WhiteElo "1426"]
[BlackElo "1861"]
[PlyCount "100"]
[EventDate "2016.03.30"]

1. d4 d5 2. Bf4 Nf6 3. h3 g6 4. Nf3 Bg7 5. e3 O-O 6. Bd3 c6 7. O-O Re8 8. c4
Nbd7 9. Nc3 Nb6 10. b3 h6 11. Rc1 Be6 12. Ne5 Qc8 13. e4 dxe4 14. Nxe4 Qd8 15.
Be3 Nbd7 16. Nxd7 Nxd7 17. Nc5 Nxc5 18. dxc5 Qa5 19. Qe2 Rad8 20. Rfd1 Bc8 21.
h4 h5 22. g3 Bg4 23. f3 Bc8 24. Bb1 Qc7 25. Kg2 Rd7 26. Kh2 Red8 27. Rxd7 Qxd7
28. Qg2 Qe6 29. Bf4 Bd4 30. b4 Be3 31. Bxe3 Qxe3 32. Rc2 Qe1 33. Rb2 Rd1 34.
Be4 f5 35. Re2 Qxb4 36. Bc2 Rd7 37. g4 hxg4 38. fxg4 Rd4 39. gxf5 Rxh4+ 40. Kg1
Qxc5+ 41. Rf2 Qd6 42. Rd2 Qc5+ 43. Rf2 Qd4 44. Qxg6+ Kf8 45. Kf1 Qxc4+ 46. Ke1
Rh1+ 47. Kd2 Qd4+ 48. Ke2 Qe5+ 49. Kf3 Qc3+ 50. Kg2 Qh3# 0-1

[Event "Skákmót öðlinga 2016"]
[Site "Faxafen 12, Reykjavik"]
[Date "2016.03.30"]
[Round "1.11"]
[White "Kristinsson, Magnus"]
[Black "Kristbergsson, Bjorgvin"]
[Result "1-0"]
[WhiteElo "1822"]
[BlackElo "1100"]
[PlyCount "57"]
[EventDate "2016.03.30"]

1. e4 c5 2. Nf3 Nc6 3. d4 cxd4 4. Nxd4 e6 5. Be2 Bc5 6. Nb3 Bb6 7. Nc3 Qf6 8.
O-O Bc7 9. Be3 h6 10. Qd2 Qh4 11. g3 Qe7 12. Nb5 Bb8 13. Bc5 Qg5 14. f4 Qf6 15.
e5 Qf5 16. Bd6 a6 17. Bxb8 axb5 18. Bd6 Ra4 19. Bxb5 Ra8 20. Bd3 Qh3 21. Rf2 g5
22. f5 Nge7 23. fxe6 Qxe6 24. Nc5 Qh3 25. Ne4 Ng8 26. Rxf7 Nce7 27. Raf1 Ng6
28. Rf8+ Nxf8 29. Rxf8# 1-0

[Event "Skakmot odlinga 2016"]
[Site "Faxafen 12, Reykjavik"]
[Date "2016.04.06"]
[Round "2.1"]
[White "Eliasson, Kristjan Orn"]
[Black "Sigfusson, Sigurdur"]
[Result "0-1"]
[WhiteElo "1861"]
[BlackElo "2299"]
[PlyCount "43"]
[EventDate "2016.03.30"]

1. e4 e5 2. Nf3 Nc6 3. d4 exd4 4. Nxd4 Bc5 5. Be3 Qf6 6. c3 Nge7 7. Bc4 O-O 8.
f4 Qg6 9. Nd2 Bxd4 10. cxd4 d5 11. Be2 dxe4 12. Qb3 Nf5 13. Qc3 Nb4 14. Nf1 Nd5
15. Qa3 Nfxe3 16. Nxe3 Nxf4 17. Bf1 Qh6 18. Kf2 Qf6 19. Kg1 Qxd4 20. Rd1 Nd3
21. Rxd3 exd3 22. Kf2 0-1

[Event "Skakmot odlinga 2016"]
[Site "Faxafen 12, Reykjavik"]
[Date "2016.04.06"]
[Round "2.2"]
[White "Olafsson, Thorvardur"]
[Black "Kristjansson, Arni H"]
[Result "1-0"]
[WhiteElo "2195"]
[BlackElo "1894"]
[PlyCount "45"]
[EventDate "2016.03.30"]

1. e4 c5 2. Nf3 e6 3. d4 cxd4 4. Nxd4 a6 5. Nc3 Qc7 6. Bd3 Nf6 7. Qe2 d6 8. O-O
Be7 9. Kh1 O-O 10. f4 Nbd7 11. g4 Nc5 12. g5 Ne8 13. f5 e5 14. f6 Bd8 15. Nd5
Qd7 16. fxg7 Kxg7 17. Nf5+ Kh8 18. Qh5 Qe6 19. Nh6 Kg7 20. Nf6 Qh3 21. Nxe8+
Kh8 22. Rxf7 Rxf7 23. Qxf7 1-0

[Event "Skakmot odlinga 2016"]
[Site "Faxafen 12, Reykjavik"]
[Date "2016.04.06"]
[Round "2.3"]
[White "Valdimarsson, Einar"]
[Black "Kristinsson, Magnus"]
[Result "0-1"]
[WhiteElo "2029"]
[BlackElo "1822"]
[PlyCount "78"]
[EventDate "2016.03.30"]

1. e4 c5 2. b4 cxb4 3. a3 e6 4. axb4 Bxb4 5. Bb2 Nf6 6. e5 Nd5 7. c4 Nf4 8. Na3
Nc6 9. Qg4 Ng6 10. h4 O-O 11. Nc2 Ngxe5 12. Qg3 f6 13. f4 Nf7 14. Nxb4 Nxb4 15.
Qc3 Nc6 16. g4 d5 17. g5 d4 18. Qg3 Nd6 19. Bd3 e5 20. Bxh7+ Kxh7 21. g6+ Kg8
22. Ba3 Nf5 23. Qf3 Re8 24. Qh5 Nh6 25. Qf3 Bg4 26. Qb3 Qd7 27. f5 Qxf5 28. Rh2
Qe4+ 29. Kf1 Na5 30. Qb4 Qd3+ 31. Ne2 Bxe2+ 32. Rxe2 Qf3+ 33. Rf2 Qh1+ 34. Ke2
Qxa1 35. Qxa5 Qh1 36. Rxf6 Qe4+ 37. Kd1 gxf6 38. h5 Qh1+ 39. Kc2 Qxh5 0-1

[Event "Skakmot odlinga 2016"]
[Site "Faxafen 12, Reykjavik"]
[Date "2016.04.06"]
[Round "2.4"]
[White "Jonasson, Hordur"]
[Black "Arnalds, Stefan"]
[Result "0-1"]
[WhiteElo "1536"]
[BlackElo "2007"]
[PlyCount "82"]
[EventDate "2016.03.30"]

1. d4 Nf6 2. Nf3 g6 3. Bf4 Bg7 4. e3 d5 5. h3 O-O 6. Be2 c5 7. c3 Nc6 8. O-O c4
9. b3 cxb3 10. axb3 Ne4 11. Nfd2 e5 12. Bh2 Be6 13. Nxe4 dxe4 14. Nd2 f5 15.
Bc4 Bxc4 16. Nxc4 exd4 17. exd4 b5 18. Ne5 Nxe5 19. Bxe5 Qd5 20. Bf4 h6 21. h4
Kh7 22. g3 a5 23. Be3 Rfc8 24. Bd2 f4 25. gxf4 b4 26. cxb4 Qxd4 27. Rxa5 Rxa5
28. bxa5 Rd8 29. Re1 Bf6 30. Qe2 Qxd2 31. a6 Qxe2 32. Rxe2 Rd1+ 33. Kg2 Ra1 34.
Rxe4 Rxa6 35. Kg3 Rb6 36. Re3 Kg7 37. f3 Kf7 38. Kg4 Rb5 39. Kg3 Rh5 40. Kh3
Bxh4 41. Kg4 Bf2 0-1

[Event "Skákmót öðlinga 2016"]
[Site "Faxafen 12, Reykjavik"]
[Date "2016.04.06"]
[Round "2.5"]
[White "Sigurjonsson, Siguringi"]
[Black "Geirsson, Kristjan"]
[Result "1-0"]
[WhiteElo "1971"]
[BlackElo "1492"]
[PlyCount "86"]
[EventDate "2016.03.30"]

1. Nf3 Nf6 2. d4 e6 3. e3 d5 4. Bd3 Nbd7 5. b3 Bd6 6. Bb2 O-O 7. Nbd2 Re8 8.
Ne5 h6 9. O-O c5 10. c4 Qc7 11. f4 b6 12. Qf3 Bb7 13. Qg3 Ne4 14. Bxe4 dxe4 15.
dxc5 Bxe5 16. cxb6 axb6 17. fxe5 Nc5 18. Bd4 Nd3 19. Nb1 Re7 20. Nc3 Bc6 21. a4
Ra5 22. Qh4 Nxe5 23. c5 Ng6 24. cxb6 Qb8 25. Qe1 Rh5 26. g3 Rg5 27. Kh1 h5 28.
Ne2 e5 29. Bc5 Re6 30. Qa5 h4 31. Qa7 Qxa7 32. bxa7 hxg3 33. hxg3 f5 34. Rad1
Re8 35. Rd6 Kf7 36. Rxc6 Rh8+ 37. Kg1 Nh4 38. Rc7+ Ke6 39. Be7 Nf3+ 40. Rxf3
exf3 41. Bxg5 fxe2 42. Kf2 f4 43. exf4 exf4 1-0

[Event "Skakmot odlinga 2016"]
[Site "Faxafen 12, Reykjavik"]
[Date "2016.04.06"]
[Round "2.6"]
[White "Masson, Kjartan"]
[Black "Maack, Kjartan"]
[Result "1-0"]
[WhiteElo "1760"]
[BlackElo "2110"]
[PlyCount "75"]
[EventDate "2016.03.30"]

1. d4 e6 2. c4 f5 3. g3 Nf6 4. Bg2 Be7 5. Nc3 O-O 6. Bg5 d6 7. e3 Qe8 8. Nge2
c6 9. Qb3 Kh8 10. e4 fxe4 11. Bxf6 gxf6 12. Nxe4 f5 13. Nd2 e5 14. O-O-O Nd7
15. h4 Rb8 16. Nf3 Qf7 17. dxe5 dxe5 18. Ng5 Qg8 19. Nf3 Bf6 20. Qc2 Nc5 21.
Rd6 Ne4 22. Rxf6 Rxf6 23. Nxe5 Nd6 24. Nf4 Be6 25. c5 Ne4 26. Bxe4 fxe4 27.
Qxe4 Bf5 28. Qd4 Rd8 29. Neg6+ Kg7 30. Nh5+ Kxg6 31. Qxf6+ Kxh5 32. Qxf5+ Kh6
33. Qf6+ Kh5 34. g4+ Qxg4 35. Qxd8 Qf4+ 36. Qd2 Qc4+ 37. Qc2 Qf4+ 38. Kb1 1-0

[Event "Skakmot odlinga 2016"]
[Site "Faxafen 12, Reykjavik"]
[Date "2016.04.06"]
[Round "2.7"]
[White "Traustason, Ingi Tandri"]
[Black "Gardarsson, Hordur"]
[Result "1-0"]
[WhiteElo "1916"]
[BlackElo "1731"]
[PlyCount "61"]
[EventDate "2016.03.30"]

1. d4 Nf6 2. c4 e6 3. Nc3 Bb4 4. f3 d5 5. e3 c5 6. a3 Bxc3+ 7. bxc3 Nc6 8. Bd3
O-O 9. Ne2 b6 10. cxd5 exd5 11. O-O Bb7 12. Rb1 c4 13. Bc2 Ne7 14. Ng3 Ng6 15.
e4 dxe4 16. fxe4 Qc7 17. Bg5 Nd7 18. e5 Bd5 19. Qh5 Rae8 20. Nf5 f6 21. Nxg7
Kxg7 22. Qh6+ Kg8 23. Bxg6 Nxe5 24. Bxe8 Rxe8 25. Bxf6 Ng6 26. Rbe1 Rxe1 27.
Rxe1 Bc6 28. Re7 Qxe7 29. Bxe7 Nxe7 30. Qe6+ Kf8 31. Qxc4 1-0

[Event "Skákmót öðlinga 2016"]
[Site "Faxafen 12, Reykjavik"]
[Date "2016.04.06"]
[Round "2.8"]
[White "Einarsson, Oskar Long"]
[Black "Saemundsson, Bjarni"]
[Result "1-0"]
[WhiteElo "1691"]
[BlackElo "1870"]
[PlyCount "51"]
[EventDate "2016.03.30"]

1. e4 c5 2. Nf3 d6 3. d4 cxd4 4. Nxd4 Nf6 5. Nc3 g6 6. Be3 a6 7. Be2 Nbd7 8.
Qd2 b5 9. a3 Bb7 10. f3 Bg7 11. O-O O-O 12. Rad1 Rc8 13. Kh1 Ne5 14. Bh6 Nc4
15. Bxc4 Rxc4 16. Bxg7 Kxg7 17. Nb3 Qc7 18. Rf2 Rc8 19. Qd3 Nh5 20. Nd2 Rc5 21.
Nb3 Rc4 22. Nd2 Qb6 23. Nxc4 Qxf2 24. Ne3 Nf4 25. Qd4+ e5 26. Nf5+ 1-0

[Event "Skákmót öðlinga 2016"]
[Site "Faxafen 12, Reykjavik"]
[Date "2016.04.06"]
[Round "2.9"]
[White "Ontiveros, John"]
[Black "Valtysson, Thor"]
[Result "1/2-1/2"]
[WhiteElo "1729"]
[BlackElo "1946"]
[PlyCount "70"]
[EventDate "2016.03.30"]

1. e4 c6 2. d4 d5 3. exd5 cxd5 4. Nf3 Nc6 5. c3 Nf6 6. Bf4 e6 7. Bd3 Be7 8. O-O
O-O 9. Nbd2 b6 10. Qc2 h6 11. Rae1 Nh5 12. Be3 Bd6 13. Ne5 Bxe5 14. dxe5 Nxe5
15. Bh7+ Kh8 16. Bxh6 Ng4 17. Be3 f5 18. Bg6 Nhf6 19. Nf3 Ne4 20. Bd4 Ba6 21.
h3 Nh6 22. Qc1 Kg8 23. Ne5 Bxf1 24. Kxf1 Rc8 25. f3 Ng5 26. h4 Ngf7 27. Nxf7
Nxf7 28. Rxe6 Qxh4 29. Qe3 f4 30. Bxf7+ Kxf7 31. Qe5 Rfe8 32. Rxe8 Rxe8 33.
Qxg7+ Ke6 34. Qe5+ Kf7 35. Qg7+ Ke6 1/2-1/2

[Event "Skakmot odlinga 2016"]
[Site "Faxafen 12, Reykjavik"]
[Date "2016.04.06"]
[Round "2.11"]
[White "Gardarsson, Halldor"]
[Black "Sigurvaldason, Hjalmar"]
[Result "1/2-1/2"]
[WhiteElo "1788"]
[BlackElo "1426"]
[PlyCount "120"]
[EventDate "2016.03.30"]

1. e4 c5 2. Nf3 d6 3. d4 cxd4 4. Nxd4 Nf6 5. Nc3 a6 6. Bg5 e6 7. Bc4 Be7 8. h3
Qc7 9. Bb3 O-O 10. O-O Nc6 11. Nxc6 bxc6 12. a4 a5 13. Re1 Re8 14. Qd2 Ba6 15.
Nd1 d5 16. exd5 exd5 17. Bxf6 Bxf6 18. c3 Rxe1+ 19. Qxe1 Bd3 20. Qd2 Re8 21.
Ne3 Bg6 22. Re1 h5 23. Bd1 Qb6 24. g3 Rb8 25. b3 Qc5 26. c4 d4 27. Ng2 Qb4 28.
Qxb4 axb4 29. Nf4 d3 30. Bxh5 Bxh5 31. Nxh5 Bc3 32. Rd1 d2 33. Nf4 Re8 34. Nd3
Re1+ 35. Nxe1 dxe1=Q+ 36. Rxe1 Bxe1 37. Kf1 Bc3 38. Ke2 Bd4 39. f4 Kf8 40. Kd3
Ba7 41. c5 Bxc5 42. Kc4 Bf2 43. g4 Bg3 44. Kc5 Bxf4 45. Kxc6 Ke7 46. a5 Be3 47.
Kb5 Kd6 48. Kxb4 Kc6 49. Kc4 Bf2 50. b4 Bg1 51. h4 Bf2 52. h5 Be3 53. b5+ Kc7
54. Kd5 Bd2 55. a6 Be3 56. Ke4 Bb6 57. Kf5 Bd4 58. g5 Kb6 59. g6 fxg6+ 60. Kxg6
Ka7 1/2-1/2

[Event "Skákmót öðlinga 2016"]
[Site "Faxafen 12, Reykjavik"]
[Date "2016.04.06"]
[Round "2.12"]
[White "Nikulasson, Gunnar"]
[Black "Haraldsson, Sigurjon"]
[Result "0-1"]
[WhiteElo "1607"]
[BlackElo "1782"]
[PlyCount "54"]
[EventDate "2016.03.30"]

1. e4 Nf6 2. Nc3 e5 3. Nf3 Nc6 4. d4 exd4 5. Nxd4 Bb4 6. Bg5 Bxc3+ 7. bxc3 h6
8. Nxc6 bxc6 9. Bxf6 Qxf6 10. Qd4 Qg6 11. g3 O-O 12. Bg2 Ba6 13. c4 d5 14. O-O
Bxc4 15. Rfc1 Qd6 16. e5 Qa3 17. f4 Rad8 18. Re1 c5 19. Qf2 Rfe8 20. f5 Qc3 21.
e6 fxe6 22. fxe6 Rxe6 23. Rxe6 Qxa1+ 24. Re1 Qc3 25. Rd1 d4 26. Qf5 Re8 27. Be4
Qe3+ 0-1

[Event "Skákmót öðlinga 2016"]
[Site "Faxafen 12, Reykjavik"]
[Date "2016.04.06"]
[Round "2.13"]
[White "Bragason, Arnfinnur"]
[Black "Bjarnason, Larus H"]
[Result "1/2-1/2"]
[WhiteElo "1467"]
[BlackElo "1650"]
[PlyCount "85"]
[EventDate "2016.03.30"]

1. d4 c6 2. Nf3 d5 3. Bf4 Bf5 4. e3 e6 5. a3 Nf6 6. Bd3 Bg6 7. Nc3 Bd6 8. O-O
Bxf4 9. exf4 Qd6 10. g3 Nbd7 11. Re1 O-O-O 12. Ne5 Qf8 13. b4 a6 14. Na4 Bxd3
15. cxd3 h6 16. Nc5 Nxc5 17. bxc5 g5 18. Rb1 Qe7 19. f5 Qc7 20. fxe6 fxe6 21.
Ng4 Qf7 22. Ne5 Qc7 23. Qb3 Rh7 24. Qd1 Re8 25. Re3 h5 26. Qe1 Qg7 27. Qb4 Ng4
28. Re2 Nxe5 29. Rxe5 g4 30. Rbe1 Qh6 31. Qb2 h4 32. R1e2 hxg3 33. fxg3 Rf7 34.
Qd2 Qh3 35. Rf2 Rf3 36. Qe2 Rh8 37. Rxe6 Rxg3+ 38. Kh1 Rf3 39. Re8+ Rxe8 40.
Qxe8+ Kc7 41. Qe7+ Kc8 42. Qe8+ Kc7 43. Qe7+ 1/2-1/2

[Event "Skakmot odlinga 2016"]
[Site "Faxafen 12, Reykjavik"]
[Date "2016.04.13"]
[Round "3.1"]
[White "Sigfusson, Sigurdur"]
[Black "Sigurjonsson, Siguringi"]
[Result "1/2-1/2"]
[WhiteElo "2299"]
[BlackElo "1971"]
[PlyCount "68"]
[EventDate "2016.03.30"]

1. e4 d6 2. d4 Nf6 3. Nc3 e5 4. Nf3 Nbd7 5. Bc4 Be7 6. O-O O-O 7. h3 h6 8. Be3
c6 9. Bb3 b5 10. a3 a6 11. Qe2 Qc7 12. Nh4 exd4 13. Bxd4 Nc5 14. Ba2 Ne6 15.
Be3 Nxe4 16. Nxe4 Bxh4 17. Qh5 Be7 18. Ng3 d5 19. Rae1 Bf6 20. c3 Nf4 21. Qd1
Bd7 22. Bb1 Rfe8 23. Qf3 Ng6 24. Bxh6 Nh4 25. Qd3 g6 26. Nh5 Bh8 27. Bf4 Qc8
28. Rxe8+ Qxe8 29. Ng3 Bf6 30. Qd2 Bxh3 31. Bg5 Bxg5 32. Qxg5 Bxg2 33. Qxh4
Bxf1 34. Kxf1 Qe5 1/2-1/2

[Event "Skakmot odlinga 2016"]
[Site "Faxafen 12, Reykjavik"]
[Date "2016.04.13"]
[Round "3.2"]
[White "Arnalds, Stefan"]
[Black "Olafsson, Thorvardur"]
[Result "0-1"]
[WhiteElo "2007"]
[BlackElo "2195"]
[PlyCount "88"]
[EventDate "2016.03.30"]

1. d4 Nf6 2. Nf3 c5 3. c4 cxd4 4. Nxd4 b6 5. Bg5 Bb7 6. e3 a6 7. Bxf6 gxf6 8.
Nc3 e6 9. Qc2 f5 10. O-O-O Nc6 11. Nxc6 Bxc6 12. f3 Qg5 13. f4 Qg6 14. Rg1 Qh5
15. g3 Qf3 16. Re1 O-O-O 17. Bg2 Qh5 18. Rh1 Bb4 19. a3 Bxc3 20. bxc3 Qh6 21.
Qb2 Qf8 22. Bxc6 dxc6 23. Kc2 Kc7 24. Qb4 a5 25. Qb3 Qc5 26. Re2 Rd7 27. Rd1
Rxd1 28. Kxd1 Rd8+ 29. Ke1 Rd3 30. Kf2 h5 31. Qa2 Rxc3 32. Qd2 Qxc4 33. Kg2
Qd5+ 34. Qxd5 exd5 35. Kh3 Rxa3 36. Kh4 b5 37. Kxh5 b4 38. Kg5 b3 39. h4 Ra2
40. Re1 Rg2 41. Kxf5 Rxg3 42. Rh1 a4 43. e4 dxe4 44. Kxe4 b2 0-1

[Event "Skakmot odlinga 2016"]
[Site "Faxafen 12, Reykjavik"]
[Date "2016.04.13"]
[Round "3.3"]
[White "Kristinsson, Magnus"]
[Black "Traustason, Ingi Tandri"]
[Result "1-0"]
[WhiteElo "1822"]
[BlackElo "1916"]
[PlyCount "99"]
[EventDate "2016.03.30"]

1. e4 c5 2. Nf3 d6 3. d4 cxd4 4. Nxd4 Nf6 5. Nc3 a6 6. h3 e5 7. Nde2 Be6 8. Be3
Nc6 9. g4 Qa5 10. Bg2 Rd8 11. g5 Nxe4 12. Bxe4 d5 13. Bd2 dxe4 14. Nxe4 Qa4 15.
N2c3 Qb4 16. b3 Bf5 17. Ng3 Bg6 18. h4 Nd4 19. Nce4 Qb5 20. c3 Qc6 21. f3 Nf5
22. Nxf5 Bxf5 23. Qe2 Be7 24. O-O-O O-O 25. Kb2 Qb6 26. h5 Qa5 27. h6 Qa3+ 28.
Ka1 gxh6 29. Nf6+ Bxf6 30. gxf6 Qc5 31. Qh2 Kh8 32. Kb2 Rg8 33. Bxh6 Rge8 34.
Qg2 Bg6 35. Qe2 Rc8 36. c4 b5 37. Rd5 Qc7 38. c5 Re6 39. Rhd1 Ree8 40. Re1 Qc6
41. Bg7+ Kg8 42. Rxe5 Red8 43. f4 Bd3 44. Qg4 Bg6 45. R1e2 Qh1 46. Qxc8 Qb1+
47. Ka3 Qc1+ 48. Kb4 Qxf4+ 49. Ka5 Qd2+ 50. Rxd2 1-0

[Event "Skakmot odlinga 2016"]
[Site "Faxafen 12, Reykjavik"]
[Date "2016.04.13"]
[Round "3.4"]
[White "Einarsson, Oskar Long"]
[Black "Masson, Kjartan"]
[Result "1/2-1/2"]
[WhiteElo "1691"]
[BlackElo "1760"]
[PlyCount "85"]
[EventDate "2016.03.30"]

1. e4 c6 2. d4 d5 3. e5 Bf5 4. Nf3 e6 5. Be2 Nd7 6. O-O c5 7. c3 Qc7 8. Be3 Ne7
9. Nbd2 Nc6 10. a3 c4 11. Nh4 Bg6 12. f4 Be7 13. Nxg6 hxg6 14. b4 b5 15. a4
bxa4 16. Rxa4 Nb6 17. Ra6 Nb8 18. Ra5 Nc6 19. Ra6 Nb8 20. Ra2 Nc6 21. Qc2 Qb7
22. Rb1 O-O 23. Bg4 Bd8 24. Nf3 Ne7 25. Rba1 Nf5 26. Bf2 Nd7 27. h4 Bb6 28. Ng5
Rfe8 29. Bxf5 exf5 30. Qe2 Nf6 31. Qf3 Ne4 32. Nxe4 fxe4 33. Qg4 Qc8 34. Qxc8
Raxc8 35. g4 f5 36. g5 Kf7 37. Kg2 Rh8 38. Ra6 Rc7 39. Be1 Ke7 40. Bd2 Kd7 41.
Kg3 Kc6 42. Bc1 Kb5 43. Be3 1/2-1/2